Estadística de fletes y seguros / (Record no. 173386)

MARC details
000 -LEADER
campo de control de longitud fija 00869nas a2200253 i 4500
001 - NÚMERO DE CONTROL
campo de control 173386
003 - IDENTIFICADOR DE NÚMERO DE CONTROL
campo de control ES-MaACL
005 - FECHA Y HORA DE LA ÚLTIMA TRANSACCIÓN
campo de control 20250415221112.0
008 - DATOS DE LONGITUD FIJA--INFORMACIÓN GENERAL
campo de control de longitud fija 091130c1943 sp | | ||pa d
080 ## - NÚMERO DE LA CLASIFICACIÓN DECIMAL UNIVERSAL
Número de la Clasificación Decimal Universal 347.794(460)(083.41)
080 ## - NÚMERO DE LA CLASIFICACIÓN DECIMAL UNIVERSAL
Número de la Clasificación Decimal Universal 368.2(460)(083.41)
245 00 - MENCIÓN DEL TÍTULO
Título Estadística de fletes y seguros /
Mención de responsabilidad, etc. Ministerio de Hacienda, Dirección General de Aduanas.
260 ## - PUBLICACIÓN, DISTRIBUCIÓN, ETC.
Lugar de publicación, distribución, etc. Madrid :
Nombre del editor, distribuidor, etc. Dirección General de Aduanas,
Fecha de publicación, distribución, etc. 1943-
300 ## - DESCRIPCIÓN FÍSICA
Extensión 17 v. ;
Dimensiones 24 cm.
650 #4 - PUNTO DE ACCESO ADICIONAL DE MATERIA--TÉRMINO DE MATERIA
Término de materia o nombre geográfico como elemento de entrada Fletamento-
Subdivisión geográfica España-
Subdivisión de forma Estadísticas.
9 (RLIN) 141672
650 #4 - PUNTO DE ACCESO ADICIONAL DE MATERIA--TÉRMINO DE MATERIA
Término de materia o nombre geográfico como elemento de entrada Seguros de transportes-
Subdivisión geográfica España-
Subdivisión de forma Estadísticas.
9 (RLIN) 141673
655 #7 - TERMINO DE INDIZACIÓN--GENERO/FORMA
Fuente del término tgfbne
9 (RLIN) 226866
Datos o término principal de género/forma Revistas
710 1# - ENTRADA AGREGADA--NOMBRE DE ENTIDAD CORPORATIVA
Nombre de entidad corporativa o nombre de jurisdicción como elemento de entrada España.
Unidad subordinada Dirección General de Aduanas.
9 (RLIN) 166270
852 ## - LOCALIZACIÓN
Ubicación ES-MaACL
Número de control de estantería P-500 bis
Ubicación en estantería Depósito 2
866 #0 - MENCIÓN TEXTUAL DE FONDOS--UNIDAD BIBLIOGRÁFICA BÁSICA
Fondos 1944-1949, 1951-1960, 1964.
942 ## - ELEMENTOS DE ENTRADA SECUNDARIOS (KOHA)
Fuente del sistema de clasificación o colocación Clasificación decimal universal
Tipo de ítem Koha Revista
Holdings
Estatus retirado Estado de pérdida Estado de daño No para préstamo Colección Biblioteca de origen Biblioteca actual Ubicación en estantería Fecha de adquisición Fuente de adquisición Total de préstamos Signatura topográfica completa Código de barras Visto por última vez Precio de reemplazo Tipo de ítem Koha
        Periódicos y Revistas Biblioteca del Ateneo de Madrid Biblioteca del Ateneo de Madrid Depósito 2 30/11/2009     P-500 bis 1181963 23/02/2023 23/02/2023 Revista